50 Quiz Fragen (6) - Statistiken

Allgemein
  • Dieses Quiz wurde 102 mal gespielt
  • Das Durchschnittsergebnis liegt bei 20 aus 50
Antwortstatistiken
Frage Antwort % Korrekt
Welchen Aggregatzustand hat Kerosin bei Raumtemperatur? Flüssig
79%
Um was für ein Tier handelt es sich bei der Videospielfigur Donkey Kong? Affe
75%
Wie viele Punkte erzielt ein Dartspieler, wenn er ins „Bullseye" trifft? 50
69%
Wo findet laut Songtitel der Spider Murphy Gang ein Skandal statt? im Sperrbezirk
68%
In welchem deutschen Bundesland finden sich die Autokennzeichen „NK“, „OTW“ und „HOM“? Saarland
63%
Aus welchem französischen Weinbaugebiet kommt der Champagner? Champagne
62%
Wie hieß der österreichische Begründer der Psychoanalyse? Sigmund Freud
62%
In welcher Taktart wird klassischerweise ein Cha-Cha-Cha getanzt? 4/4 Takt
60%
Um welches berühmte Bauwerk handelt es sich bei dem Fachbegriff „Amphitheatrum Flavium“ ? Kolosseum
60%
Wie heißt die weltweit größte Messe für Computer- und Videospiele, die jährlich in Köln stattfindet? Gamescom
58%
Wofür steht die Abkürzung i. A. vor der Unterschrift in einem Geschäftsbrief? im Auftrag
58%
CO2 besteht aus zwei Sauerstoffatomen und einem…? Kohlenstoffatom
57%
Was ist die Hauptstadt von Kasachstan? Astana
56%
Aus welchen drei Farben besteht die Flagge Boliviens? rot, gelb, grün
56%
Nach wessen Ermordung begann der 1. Weltkrieg? Franz Ferdinand
51%
Der zweite Bridget-Jones-Film trägt den Untertitel „Am Rande des ..."? Wahnsinns
51%
Wer war die erste Gewinnerin der deutschen Reality- und Castingshow „Germany‘s Next Topmodel“? Lena Gercke
49%
Die Saar ist der längste Nebenfluss welches Flusses? Mosel
47%
Mit welcher britischen Band veröffentlichte David Bowie 1981 den Song „Under Pressure“? Queen
47%
Unter welchem Namen war der Schokoriegel „Twix“ bis 1991 bekannt? Raider
47%
Welches chemische Element hat das Symbol “Sn”? Zinn
43%
Was signalisiert der Schiri-Assistent beim Fußball, wenn er die Fahne mit beiden Händen quer über den Kopf hält? Auswechslung
42%
In welchem US-Bundesstaat liegt die Stadt Seattle? Washington
42%
Wie nennt man das Ergebnis einer Subtraktion? Differenz
40%
Wie heißt der kleine Eisbär, der sich mit der Robbe Robby anfreundet und sich für eine Freundschaft zwischen Eisbären und Robben einsetzt? Lars
40%
Wie nennt man ein geflecktes Pferd? Schecke
36%
Welcher war der allererste Disney - Zeichentrickfilm? Schneewittchen und die sieben Zwerge
36%
Das Kleine und das Große Vieleckbein befinden sich in welchem Teil des menschlichen Körpers? Hand
35%
„Kleines Püppchen, freches Bübchen, wo hat man dich zuletzt geseh′n?“ ist der Introbeginn welcher Kinderserie? Pinocchio
35%
In welchem Land wurde Ernesto Che Guevara, der bei Fidel Castros Revolution an dessen Seite kämpfte, geboren? Argentinien
33%
Was für ein Tier ist Hein Blöd, der mit Käpt'n Blaubär zusammen auf einem Kutter lebt? Ratte
33%
Vorbild für das Genfer Ärztegelöbnis war der Eid des ...? Hippokrates
32%
Welche ist die höchste ungerade Zahl, auf die man beim Französischen Roulette setzen kann? 35
31%
Wofür steht die Abkürzung "AC" der AC-Taste auf Taschenrechnern? All Clear
31%
Wer sagte den berühmten Satz "Die Religion ist das Opium des Volkes"? Karl Marx
30%
Odile und Odette stehen im Mittelpunkt welches berühmten Tschaikowsky-Stücks? Schwanensee
28%
Wie wird die Eigenschaft bezeichnet, bei der ein Mensch positive Emotionen daraus zieht, dass man ihm Schmerzen zufügt oder ihn demütigt? Masochismus
26%
Welche Fußballmannschaft spielt im Rudolf-Harbig-Stadion? Dynamo Dresden
23%
In welchem Land herrschte der Diktator Pol Pot? Kambodscha
23%
Werner Saalfeld, Alfons Sonnbichler und André Konopka sind Figuren aus welcher bekannten ARD Telenovela? Sturm der Liebe
22%
Wofür steht die Domain-Abkürzung „.com"? commercial
20%
Welches britische Pop-Duo hatte einen Nummer-eins-Hit mit „It's A Sin"? Pet Shop Boys
17%
In welcher Sportart machte sich Björn Dunkerbeck einen Namen? Surfen
17%
Wer schrieb das bekannte Lustspiel „Der zerbrochene Krug“? Heinrich von Kleist
16%
Dakota Johnson ist die gemeinsame Tochter von Don Johnson und welcher US-Schauspielerin? Melanie Griffith
16%
Wie heißt die Hauptfigur Oskar aus dem Roman „Die Blechtrommel" mit Nachnamen? Matzerath
11%
Paradiesfeige ist der veraltete Begriff für welche Frucht? Banane
7%
Mit was ist das Endoplasmatische Retikulum in einer Zelle besetzt, wenn es eine raue Oberfläche hat? Ribosom
6%
Um welche Tierart handelt es sich bei einem „Ga Noi“? Huhn
5%
Welcher berühmte Trainer sagte einmal nach einem Spiel "Das Einzige, was sich in der ersten Hälfte bewegt hat, war der Wind"? Franz Beckenbauer
4%
Keine übereinstimmenden Quizze gefunden
Verteilung der Resultate
Anzahl Personen mit jedem Resultat
Perzentil nach korrekt beantworteten Fragen
Ihre Resultats-Entwicklung
Sie haben dieses Quiz noch nicht gespielt